| 000 | 01425nam a22003857a 4500 | ||
|---|---|---|---|
| 003 | CHAP | ||
| 005 | 20220817041309.0 | ||
| 008 | 971013s1979 r 00010 d | ||
| 010 | _a10684 | ||
| 011 | _a11656 | ||
| 035 | _a10895 | ||
| 040 | _cCHAP | ||
| 090 | _aTesis | ||
| 100 | 0 | 0 |
_aCabrero Iribérri, Victor Guillermo. _916716 |
| 245 | _aProyecto de una granja porcina de ciclo completo en el ejido de Isaac Arriaga, en el Municipio de Puruándiro del Estado de Michoacán | ||
| 260 |
_aMéxico, D. F. : _bEl autor, _c1979 |
||
| 300 |
_a103 h. _b: gráfs, mapas |
||
| 502 | _aTesis (Médico Veterinario Zootecnista) -- UNAM. Fac. de Medicina Veterinaria y Zootecnia | ||
| 590 |
_aALEPH _b10 _c20130110 _lUCH01 _h1227 |
||
| 590 |
_aBATCH-UPD _b10 _c20130109 _lUCH01 _h2314 |
||
| 590 |
_aBATCH-UPD _b10 _c20130110 _lUCH01 _h0052 |
||
| 590 |
_aBATCH-UPD _b10 _c20130110 _lUCH01 _h0938 |
||
| 590 |
_aBATCH-UPD _b10 _c20130409 _lUCH01 _h1833 |
||
| 590 |
_aBATCH-UPD _b10 _c20130409 _lUCH01 _h2040 |
||
| 590 |
_aBATCH-UPD _b10 _c20130410 _lUCH01 _h0555 |
||
| 590 |
_aBATCH-UPD _b10 _c20130914 _lUCH01 _h0801 |
||
| 590 |
_aCONVERSION _b10 _c20130109 _lUCH01 _h1307 |
||
| 650 | 1 | 4 |
_aEjido de Isaac Arriaga, Mich. _935870 |
| 650 | 1 | 4 |
_aGanado porcino _xMichoacán. _945384 |
| 650 | 1 | 4 |
_aGranjas porcinas. _950413 |
| 650 | 1 | 4 |
_aPolítica ganadera _xMichoacán. |
| 901 | _aBK | ||
| 942 | _cTESIS | ||
| 949 |
_bBC _cTES _d-22877 _eTS1 _i10895 _si |
||
| 999 |
_c10684 _d10684 |
||